| 000 | 00501nam a2200193Ia 4500 | ||
|---|---|---|---|
| 005 | 20230227111904.0 | ||
| 008 | 131103s9999 xx 000 0 und d | ||
| 040 | _aLoreto College | ||
| 041 | _aEnglish | ||
| 082 |
_a821.08 _bYOU |
||
| 245 |
_aScottish verse 1851-1951 _cSelected by Douglas Young |
||
| 260 |
_aLondon _bThomas Nelson _c1952 |
||
| 300 | _axxxiv,363p. | ||
| 504 | _aIncludes index | ||
| 650 | _aEnglish poetry | ||
| 700 | _aYoung, Douglas; com. | ||
| 850 | _aLCLIB | ||
| 942 | _cBK | ||
| 999 |
_c21006 _d71485 |
||